Premier League 2015-2016 Top scorers - Statistics

General Stats
  • This quiz has been taken 50 times
  • The average score is 8 of 10
Answer Stats
Goals Nationality Club Player % Correct
24 Argentina Manchester City Sergio Agüero
100%
25 England Tottenham Hotspur Harry Kane
98%
24 England Leicester City Jamie Vardy
98%
13 Chile Arsenal Alexis Sánchez
96%
17 Algeria Leicester City Riyad Mahrez
96%
18 Belgium Everton Romelu Lukaku
96%
16 France Arsenal Olivier Giroud
93%
15 England Sunderland Jermain Defoe
62%
13 England Watford Troy Deeney
51%
15 Nigeria Watford Odion Ighalo
42%
No matching quizzes found
Score Distribution
Percent of People with Each Score
Percentile by Number Answered
Your Score History
You have not taken this quiz